00971nam a22002177a 450000500170000002000150001708200080003210000350004024501060007526000500018127000730023130000440030444000410034849000470038950001400043650000500057665000180062670000700064494200220071499900170073620110812112040.0 a817305139900a2771 aLammens, H.d1862-1937.93275010aIslam: beliefs and institutions,cby H. Lammens, translated [from the French] by Sir E. Denison Ross. aNew Delhi:bAryan Book International, c2002. a4378/4B, Pooja Apartment, Ansari Road Darya Ganj bNew Delhie110002 aix, 256 p.bgeneal. table.c22 cm. (Hb) 0aThe masterpiece library of Islam,v3 aThe masterpiece library of Islamv3932751 aThis translation originally published, London, Methuen, 1929. Originally published as L'Islam; croyances et institutions. Beirut, 1926. aIncludes bibliographical references and index 0aIslam.9327521 aRoss, E. Denisonq(Edward Denison),cSir,d1871-1940,etr.932732 2ddccENh270mLAM c55330d55330